MARC

LEADER 00000nam0a2200000 4500
001 32881
005 20231030205531.0
035 |a (RuTPU)RU\TPU\book\33192 
035 |a BOOK00000023 
090 |a 32881 
100 |a 20011210d1974 m y0rusy50 ca 
101 0 |a rus 
102 |a RU 
105 |a a j 001zy 
200 1 |a Курс коллоидной химии  |e учебное пособие  |f Д. А. Фридрихсберг 
210 |a Ленинград  |c Химия  |d 1974 
215 |a 351 с.  |c ил. 
320 |a Библиогр.: с. 342-348. 
451 1 |0 (RuTPU)RU\TPU\book\33497  |t Курс коллоидной химии  |o учебное пособие  |f Д. А. Фридрихсберг  |e 2-е изд.  |c Л.  |n Химия  |d 1984  |p 368 с.  |a Фридрихсберг, Дмитрий Александрович 
610 1 |a химия 
610 1 |a коллоидная химия 
610 1 |a физическая химия 
610 1 |a адсорбция 
610 1 |a дисперсные системы 
610 1 |a электролиты 
610 1 |a высокомолекулярные соединения 
675 |a 544.7(075.8)  |v 3 
700 1 |a Фридрихсберг  |b Д. А.  |g Дмитрий Александрович 
801 0 |a RU  |b 63413507  |c 20011210  |g PSBO 
801 2 |a RU  |b 63413507  |c 20161125  |g PSBO 
942 |c BK